Dung beetles attracted to mammalian herbivore (<Alouatta palliata>) and omnivore (<Nasua narica>) dung in the tropical rain forest of Los Tuxtlas, Mexico (Registro nro. 10227)

Detalles MARC
000 -CABECERA
Campo de control 008070000a22002170004500
090 ## - CLASIFICACIÓN LOCAL
Colección AR
Consecutivo 01141
041 0# - IDIOMA
Código de idioma para texto/pista de sonido o título separado
100 1# - ASIENTO PRINCIPAL--NOMBRE PERSONAL
Nombre personal Estrada, Alejandro
245 10 - MENCION DE TITULO
Título Dung beetles attracted to mammalian herbivore (<Alouatta palliata>) and omnivore (<Nasua narica>) dung in the tropical rain forest of Los Tuxtlas, Mexico
650 14 - ASIENTO SECUNDARIO DE MATERIA - TERMINO TEMATICO
Término temático o nombre geográfico como elemento de entrada Herbivoría
650 14 - ASIENTO SECUNDARIO DE MATERIA - TERMINO TEMATICO
Término temático o nombre geográfico como elemento de entrada Hábitos alimentarios
650 14 - ASIENTO SECUNDARIO DE MATERIA - TERMINO TEMATICO
Término temático o nombre geográfico como elemento de entrada Bosques húmedos tropicales
651 #4 - ASIENTO SECUNDARIO DE MATERIA - NOMBRE GEOGRAFICO
-- Los Tuxtlas
-- Veracruz
-- México
653 ## - TERMINO DE INDIZACION - NO CONTROLADO
-- Alouatta
-- Alouatta palliata
653 ## - TERMINO DE INDIZACION - NO CONTROLADO
-- Nasua
-- Nasua narica
-- Coati
700 1# - ASIENTO SECUNDARIO - NOMBRE PERSONAL
Nombre personal Halffter, Gonzalo
700 1# - ASIENTO SECUNDARIO - NOMBRE PERSONAL
Nombre personal Meritt, Dennis A.
700 1# - ASIENTO SECUNDARIO - NOMBRE PERSONAL
Nombre personal Coates Estrada, Rosamond
773 1# - Item fuente:
Título Journal of Tropical Ecology
Especificación de materiales 12
Descripción física 9
Paginas del Articulo 45-54
Lugar, editorial y fecha de publicación 1993
942 ## - ELEMENTOS ADICIONALES (KOHA)
Tipo de ítem Artículo
Existencias
Withdrawn status Lost status Damaged status No para préstamo Colección Ubicación Permanente Ubicación actual Fecha de adquisición Datos de publicación Seriada Total Checkouts Número topográfico Inventario / Código de Barras Date last seen Ejemplar Price effective from Forma de adquisición Tipo de material
      No para Préstamo Hemeroteca Bogotá Bogotá 27/02/2015 Fuera de circulación   AR 01141 011459 25/03/2015 1 25/03/2015   Artículo